| 000 | 00633nam a2200205 i 4500 | ||
|---|---|---|---|
| 001 | bgj | ||
| 245 | 0 | 0 |
_aEnglish teaching : _ban international exchange / _cedited by James Briton. |
| 260 |
_aLondon : _bHeinemann Education Books, _c1984 _aPortsmouth, New Hampshire. |
||
| 300 |
_aVII, 199 pp : _bill. ; _c22 cm. |
||
| 504 | _aBibliography p. 199. | ||
| 650 | 9 |
_aEnglish philogy _xStudy and teaching |
|
| 655 | _aAddresses, essays, lectures | ||
| 700 | 1 |
_aBRITON, John. _eeditor |
|
| 020 | _a0435101161 | ||
| 040 | _cBPK | ||
| 041 | 0 | _aeng | |
| 920 | _a0-435-10116-1 | ||
| 942 | _cKS | ||
| 008 | s uk f |000 0 eng | ||
| 999 |
_c47387 _d47387 |
||
| 856 |
_uhttp://koha.tu.koszalin.pl/cgi-bin/koha/opac-detail.pl?biblionumber=47387 _yKatalog online BPK |
||